000 00837cam a22002773a 4500
001 27755
003 PGUSA
005 20140828083611.0
008 090109s2009||||xxu|||||s|||||000 | eng d
040 _aPGUSA
_beng
042 _adc
050 4 _aBF
100 1 _aSilberer, Herbert,
_d1882-1922
245 1 0 _aHidden Symbolism of Alchemy and the Occult Arts
_h[electronic resource] /
_cHerbert Silberer
260 _bProject Gutenberg,
_c2009
506 _aPublic domain in the USA.
516 _aElectronic text
653 _aAlchemy
653 _aSymbolism (Psychology)
653 _aSociety of Rosicrucians
700 1 _aJelliffe, Smith Ely,
_d1866-1945
740 0 _aProbleme der Mystik und ihrer Symbolik. English
830 0 _aProject Gutenberg
_v27755
856 4 0 _uhttp://www.gutenberg.org/ebooks/27755
942 _cEB
999 _c257010
_d257010